| 000 | 00000nam##2200000za#4500 |
| 001 | 9.641162 |
| 003 | CaOODSP |
| 005 | 20210624223045 |
| 007 | cr ||||||||||| |
| 008 | 150407|2001||||xxc|||||o f|0| 0 fre|d |
| 040 | |aCaOODSP|bfre |
| 043 | |an-cn--- |
| 086 | 1 |aFs23-396/2001F-PDF |
| 110 | 1 |aCanada. |bMinistère des pêches et des océans. |
| 245 | 13|aLa pêche récréative au Canada : |h[ressource électronique]|bpolitique-cadre |
| 260 | |aOttawa - Ontario : |bPêches et Océans Canada |c2001. |
| 300 | |a6p.|btableaux |
| 500 | |aLe n° de catalogue (Fs23-396/2001) et l'ISBN (0-662-65529-X) de l'édition imprimée bilingue ont été incorrectement copiés dans l'édition électronique. |
| 590 | |a13-02-Supp|b2013-01-11 |
| 691 | 07|aPêche sportive|2gcpds |
| 691 | 07|aPolitique des pêches|2gcpds |
| 775 | 08|tRecreational fisheries in Canada : |w(CaOODSP)9.697095 |
| 776 | 0#|tRecreational fisheries in Canada : |w(CaOODSP)9.662557 |
| 776 | 0#|tLa pêche récréative au Canada : |w(CaOODSP)9.662558 |
| 856 | 40|ahttp://publications.gc.ca|qPDF|s272 Ko|uhttps://publications.gc.ca/collections/collection_2012/mpo-dfo/Fs23-396-2001-fra.pdf |
| 986 | |aMPO/6126 |